Fyzika pro kurs z učiva osmileté střední školy. 1. část /

Hlavní autor: Lehar, František, 1904-1978
Další autoři: Voráček, Miroslav, 1912-
Jazyk: Čeština
Vydáno: Praha : Státní pedagogické nakladatelství, 1961
Vydání: 3. vyd.
Témata:
Fyzický popis: 271 s., obr. příl.
Knihy
Uloženo v:
LEADER 00934nam a2200229 a 4500
001 000587650
003 CZ BrMZK
005 20140905105444.0
007 ta
008 020219s1961 xr f 000 0 cze d
040 |a BOA001  |b cze  |c BOA001 
100 1 |a Lehar, František,  |d 1904-1978  |7 jk01071792  |4 aut 
245 1 0 |a Fyzika pro kurs z učiva osmileté střední školy.  |n 1. část /  |c zprac. František Lehar, Miroslav Voráček 
250 |a 3. vyd. 
260 |a Praha :  |b Státní pedagogické nakladatelství,  |c 1961 
300 |a 271 s., obr. příl. 
700 1 |a Voráček, Miroslav,  |d 1912-  |7 jk01150669  |4 aut 
910 |a BOA001  |b PK-0024.401,1  |b 2-0458.873 
964 |a Fyzika - učebnice - školy střední osmileté 
990 |a BK 
996 6 |b 2619077609  |c 2-0458.873  |l MZK  |r Sklad / do 24 hodin  |n 0  |w 000587650  |u 000020  |a 1  |e BOA001  |j MZK50  |s P 
996 6 |b BC-16565  |c PK-0024.401,1  |l MZK  |r Sklad / do 1 hodiny  |n 0  |w 000587650  |u 000010  |a 1  |e BOA001  |j MZK50  |s P